00952nam a22002297a 4500003000900000005001700009007000300026008004100029020001800070040002700088082001500115100002300130245025000153260004900403300003900452500006400491504003200555700003000587700004100617700003000658700003400688DO-SdBNP20211126094816.0ta211126b2019 dr ac||| |||| 00| 0 spa d a9789945624229 aDO-SdBNP bspacBNPHU  4222bM296e 1 aManzanillo, Carlos10a¡Emergencia! !urgencia! salvemos niños y adolescentes : bventana 4/14 /cCarlos Martín Manzanillo Reyes ; edición de texto Cartos G. Martín ; fotografías Carlos De la Cruz Ángeles, Jonathan Pouriet ; prólogo M. Dinorah Rivera. aSanto Domingo : bFR Multiservicios, c2021. a278 p. : bil., retrs. ; c23 cm.  aIncluye datos biográficos del autor en la contracubierta. aBibliografía : p. 273-2781 aMartín, Cartos G.,eed.1 aCruz Ángeles, Carlos De la, efot.1 aPouriet, Jonathan,efot. 1 aRivera, M. Dinorah,epról.